000 00609 a2200181 4500
008 230307b ||||| |||| 00| 0 eng d
020 _a9782090312942
050 _aPC2109
_b.T46 2020
100 _aTempesta, Giovanna,
245 _aUn soir, au cirque /
_cGiovanna Tempesta
260 _bCLE International;
_cc2020
_a[Paris]:
300 _a1 vol. (48 p.) :
_bill. en coul. ;
_c21 cm
440 _aDécouverte : A2.2 [2]
500 _aLa couv. porte en plus : "Audio téléchargeable". Lecture en français facile
650 _2French language
_xReaders.
650 _2French language.
942 _cBK
_2lcc
999 _c57993
_d57993